Largest SC metro areas Quiz Stats

 Plays Quiz not verified by Sporcle

Challenge
Share
Tweet
Embed
Score 0/8 Timer 03:00
0 Plays Today
National MSA Rank Metro % Correct
69Columbia
99.3%
80Charleston-N. Charleston-Summerville
98.8%
82Greenville-Mauldin-Easley
95.2%
174Myrtle Beach-N. Myrtle Beach-Conway
82.1%
162Spartanburg
77.5%
207Florence
68.2%
223Anderson
50%
336Sumter
44.6%

You're not logged in!

Compare scores with friends on all Sporcle quizzes.
OR
Log In

You Might Also Like...

Show Comments

Extras

Top Quizzes Today


Score Distribution

Your Account Isn't Verified!

In order to create a playlist on Sporcle, you need to verify the email address you used during registration. Go to your Sporcle Settings to finish the process.

Report this User

Report this user for behavior that violates our Community Guidelines.

Details: